[Event "Tata Steel Masters"]
[Date "2026.01.17"]
[White "Erdogmus, Yagiz Kaan"]
[Black "Aravindh, Chithambaram VR."]
[WhiteElo "2658"]
[BlackElo "2700"]
[Round "2.2.7"]
[Result "1/2-1/2"]

e4 {[%clk 01:59:57] [%emt 00:00:03]} c5 {[%clk 01:59:27] [%emt 00:00:33]} Nf3
{[%clk 01:59:50] [%emt 00:00:07]} d6 {[%clk 01:59:17] [%emt 00:00:10]} d4 {[%clk
01:59:42] [%emt 00:00:08]} cxd4 {[%clk 01:59:08] [%emt 00:00:09]} Nxd4 {[%clk
01:59:37] [%emt 00:00:06]} Nf6 {[%clk 01:59:02] [%emt 00:00:05]} Nc3 {[%clk
01:59:31] [%emt 00:00:07]} Nbd7 {[%clk 01:58:16] [%emt 00:00:46]} g4 {[%clk
01:50:36] [%emt 00:08:56]} h6 {[%clk 01:57:57] [%emt 00:00:19]} h4 {[%clk
01:41:51] [%emt 00:08:44]} a6 {[%clk 01:57:44] [%emt 00:00:14]} Rg1 {[%clk
01:31:22] [%emt 00:10:28]} Nc5 {[%clk 01:57:18] [%emt 00:00:26]} Qe2 {[%clk
01:23:21] [%emt 00:08:02]} g6 {[%clk 01:56:31] [%emt 00:00:46]} g5 {[%clk
01:20:26] [%emt 00:02:55]} hxg5 {[%clk 01:56:20] [%emt 00:00:10]} hxg5 {[%clk
01:20:23] [%emt 00:00:04]} Nfd7 {[%clk 01:56:08] [%emt 00:00:12]} Be3 {[%clk
01:11:53] [%emt 00:08:30]} b5 {[%clk 01:55:36] [%emt 00:00:32]} O-O-O {[%clk
01:08:40] [%emt 00:03:14]} Bb7 {[%clk 01:55:17] [%emt 00:00:18]} Bg2 {[%clk
01:03:50] [%emt 00:04:50]} Rc8 {[%clk 01:54:52] [%emt 00:00:24]} f4 {[%clk
00:58:43] [%emt 00:05:08]} Rh2 {[%clk 01:53:25] [%emt 00:01:26]} Rh1 {[%clk
00:52:06] [%emt 00:06:37]} Rxh1 {[%clk 01:51:57] [%emt 00:01:28]} Rxh1 {[%clk
00:47:08] [%emt 00:04:58]} b4 {[%clk 01:50:00] [%emt 00:01:57]} Nd5 {[%clk
00:44:54] [%emt 00:02:14]} e6 {[%clk 01:48:46] [%emt 00:01:13]} Nxb4 {[%clk
00:26:41] [%emt 00:18:14]} Qb6 {[%clk 01:48:06] [%emt 00:00:39]} c3 {[%clk
00:22:26] [%emt 00:04:16]} Nxe4 {[%clk 01:00:49] [%emt 00:47:17]} Ndc2 {[%clk
00:16:52] [%emt 00:05:35]} Nec5 {[%clk 00:52:41] [%emt 00:08:08]} Nd5 {[%clk
00:14:59] [%emt 00:01:52]} Qa5 {[%clk 00:33:09] [%emt 00:19:32]} Bxc5 {[%clk
00:13:42] [%emt 00:01:16]} Bxd5 {[%clk 00:32:51] [%emt 00:00:18]} Bxd5 {[%clk
00:13:38] [%emt 00:00:05]} Nxc5 {[%clk 00:32:30] [%emt 00:00:21]} b4 {[%clk
00:10:50] [%emt 00:02:48]} Nd3+ {[%clk 00:28:04] [%emt 00:04:26]} Qxd3 {[%clk
00:10:49] [%emt 00:00:01]} Qxd5 {[%clk 00:27:59] [%emt 00:00:04]} Qxd5 {[%clk
00:10:44] [%emt 00:00:05]} exd5 {[%clk 00:27:54] [%emt 00:00:04]} Kb2 {[%clk
00:09:18] [%emt 00:01:26]} Bg7 {[%clk 00:27:35] [%emt 00:00:19]} Rh3 {[%clk
00:08:50] [%emt 00:00:28]} Rc4 {[%clk 00:25:25] [%emt 00:02:10]} Rf3 {[%clk
00:08:49]} Kd7 {[%clk 00:25:14] [%emt 00:00:10]} Kb3 {[%clk 00:07:18] [%emt
00:01:31]} Kc6 {[%clk 00:24:38] [%emt 00:00:36]} a4 {[%clk 00:06:49] [%emt
00:00:30]} Re4 {[%clk 00:24:25] [%emt 00:00:13]} Rd3 {[%clk 00:05:39] [%emt
00:01:10]} Rxf4 {[%clk 00:23:19] [%emt 00:01:05]} b5+ {[%clk 00:05:38] [%emt
00:00:01]} axb5 {[%clk 00:23:06] [%emt 00:00:13]} Nb4+ {[%clk 00:05:38] [%emt
00:00:01]} Kb7 {[%clk 00:22:21] [%emt 00:00:45]} axb5 {[%clk 00:04:37] [%emt
00:01:01]} Rf5 {[%clk 00:21:47] [%emt 00:00:34]} Rxd5 {[%clk 00:04:13] [%emt
00:00:24]} Be5 {[%clk 00:21:31] [%emt 00:00:15]} Nc6 {[%clk 00:04:08] [%emt
00:00:06]} Rxg5 {[%clk 00:20:23] [%emt 00:01:08]} Nd8+ {[%clk 00:03:52] [%emt
00:00:15]} Kb6 {[%clk 00:19:13] [%emt 00:01:10]} Nxf7 {[%clk 00:34:07] [%emt
00:00:15]} Rf5 {[%clk 00:49:35] [%emt 00:00:08]} Nxe5 {[%clk 00:29:53] [%emt
00:04:44]} Rxe5 {[%clk 00:49:59] [%emt 00:00:06]} Rxd6+ {[%clk 00:28:40] [%emt
00:01:43]} Kxb5 {[%clk 00:50:24] [%emt 00:00:05]} Rxg6 {[%clk 00:29:09] [%emt
00:00:02]} Re4 {[%clk 00:50:24] [%emt 00:00:29]} Kc2 {[%clk 00:28:55] [%emt
00:00:44]} Rh4 {[%clk 00:50:22] [%emt 00:00:32]} Kb3 {[%clk 00:29:19] [%emt
00:00:06]} Rb4+ {[%clk 00:50:43] [%emt 00:00:09]} cxb4 {[%clk 00:29:47] [%emt
00:00:02]}

[Site "Europe Echecs"]

[Event "Tata Steel Masters"]
[Date "2026.01.18"]
[White "Praggnanandhaa R"]
[Black "Nguyen, Thai Dai Van"]
[WhiteElo "2758"]
[BlackElo "2656"]
[Round "3.3.1"]
[Result "1/2-1/2"]

Nf3 {[%clk 01:59:22] [%emt 00:00:36]} Nf6 {[%clk 01:59:39] [%emt 00:00:21]} g3
{[%clk 01:59:08] [%emt 00:00:13]} c5 {[%clk 01:59:32] [%emt 00:00:09]} Bg2
{[%clk 01:58:07] [%emt 00:01:01]} Nc6 {[%clk 01:59:26] [%emt 00:00:06]} c4
{[%clk 01:57:51] [%emt 00:00:15]} d5 {[%clk 01:59:18] [%emt 00:00:09]} cxd5
{[%clk 01:57:42] [%emt 00:00:09]} Nxd5 {[%clk 01:59:12] [%emt 00:00:06]} Nc3
{[%clk 01:57:04] [%emt 00:00:38]} Nc7 {[%clk 01:58:59] [%emt 00:00:12]} a3
{[%clk 01:56:03] [%emt 00:01:02]} g6 {[%clk 01:57:47] [%emt 00:01:13]} d3 {[%clk
01:55:43] [%emt 00:00:20]} Bg7 {[%clk 01:56:59] [%emt 00:00:47]} Be3 {[%clk
01:55:32] [%emt 00:00:11]} b6 {[%clk 01:55:54] [%emt 00:01:06]} h4 {[%clk
01:54:30] [%emt 00:00:59]} h5 {[%clk 01:55:47] [%emt 00:00:09]} Rc1 {[%clk
01:44:48] [%emt 00:09:42]} Bb7 {[%clk 01:55:08] [%emt 00:00:39]} Ng5 {[%clk
01:41:30] [%emt 00:03:17]} Qd7 {[%clk 01:54:58] [%emt 00:00:10]} O-O {[%clk
01:36:08] [%emt 00:05:23]} Nd8 {[%clk 01:51:55] [%emt 00:03:02]} Bxb7 {[%clk
01:16:38] [%emt 00:19:31]} Nxb7 {[%clk 01:51:30] [%emt 00:00:24]} Nge4 {[%clk
01:14:33] [%emt 00:02:05]} Ne6 {[%clk 01:29:03] [%emt 00:22:26]} b4 {[%clk
01:12:31] [%emt 00:02:03]} Rc8 {[%clk 01:26:31] [%emt 00:02:33]} Qa4 {[%clk
00:57:44] [%emt 00:14:47]} cxb4 {[%clk 00:47:45] [%emt 00:38:45]} Nb5 {[%clk
00:52:54] [%emt 00:04:51]} O-O {[%clk 00:36:13] [%emt 00:11:31]} Qxb4 {[%clk
00:48:43] [%emt 00:04:10]} Nbc5 {[%clk 00:33:19] [%emt 00:02:54]} Nxc5 {[%clk
00:43:42] [%emt 00:05:01]} bxc5 {[%clk 00:22:24] [%emt 00:10:56]} Qc4 {[%clk
00:40:53] [%emt 00:02:49]} Nd4 {[%clk 00:18:56] [%emt 00:03:28]} Nc3 {[%clk
00:40:26] [%emt 00:00:26]} Qg4 {[%clk 00:14:11] [%emt 00:04:46]} Kg2 {[%clk
00:40:04] [%emt 00:00:22]} Bf6 {[%clk 00:12:31] [%emt 00:01:41]} f3 {[%clk
00:33:13] [%emt 00:06:50]} Qd7 {[%clk 00:11:57] [%emt 00:00:34]} Qd5 {[%clk
00:32:34] [%emt 00:00:39]} Rfd8 {[%clk 00:08:44] [%emt 00:03:13]} Qxd7 {[%clk
00:31:14] [%emt 00:01:21]} Rxd7 {[%clk 00:08:44] [%emt 00:00:01]} Kf2 {[%clk
00:30:18] [%emt 00:00:55]} Nb3 {[%clk 00:06:02] [%emt 00:02:41]} Rb1 {[%clk
00:29:42] [%emt 00:00:36]} c4 {[%clk 00:05:55] [%emt 00:00:08]} Ne4 {[%clk
00:25:07] [%emt 00:04:35]} Bd4 {[%clk 00:04:47] [%emt 00:01:09]} dxc4 {[%clk
00:17:36] [%emt 00:07:31]} Bxe3+ {[%clk 00:04:10] [%emt 00:00:37]} Kxe3 {[%clk
00:17:34] [%emt 00:00:02]} Na5 {[%clk 00:03:40] [%emt 00:00:30]} c5 {[%clk
00:17:22] [%emt 00:00:11]} Nc4+ {[%clk 00:02:07] [%emt 00:01:33]} Kf2 {[%clk
00:17:21] [%emt 00:00:01]} Nxa3 {[%clk 00:01:58] [%emt 00:00:09]} Rb4 {[%clk
00:16:41] [%emt 00:00:39]} Nc2 {[%clk 00:01:39] [%emt 00:00:20]} Rb2 {[%clk
00:15:43] [%emt 00:00:58]} Nd4 {[%clk 00:00:35] [%emt 00:01:05]} Rd1 {[%clk
00:15:17] [%emt 00:00:26]} Rdd8 {[%clk 00:00:34] [%emt 00:00:01]} Rb7 {[%clk
00:14:31] [%emt 00:00:46]} Kf8 {[%clk 00:00:27] [%emt 00:00:08]} Rxa7 {[%clk
00:11:45] [%emt 00:02:45]} Ne6 {[%clk 00:00:26]} Rxd8+ {[%clk 00:02:15] [%emt
00:09:30]} Rxd8 {[%clk 00:00:25] [%emt 00:00:01]} Ra5 {[%clk 00:30:54] [%emt
00:01:50]} Rc8 {[%clk 00:30:48] [%emt 00:00:07]} g4 {[%clk 00:23:26] [%emt
00:07:58]} hxg4 {[%clk 00:22:31] [%emt 00:08:48]} fxg4 {[%clk 00:23:47] [%emt
00:00:08]} f5 {[%clk 00:07:58] [%emt 00:15:03]} gxf5 {[%clk 00:11:52] [%emt
00:12:25]} gxf5 {[%clk 00:08:27] [%emt 00:00:02]} Ng3 {[%clk 00:11:46] [%emt
00:00:36]} Rxc5 {[%clk 00:04:02] [%emt 00:04:55]} Rxc5 {[%clk 00:11:57] [%emt
00:00:19]} Nxc5 {[%clk 00:04:32]} Nxf5 {[%clk 00:12:19] [%emt 00:00:07]} Kf7
{[%clk 00:04:58] [%emt 00:00:05]} Kf3 {[%clk 00:12:07] [%emt 00:00:41]} Kf6
{[%clk 00:05:15] [%emt 00:00:14]} Kf4 {[%clk 00:10:34] [%emt 00:02:02]} Ne6+
{[%clk 00:02:29] [%emt 00:03:17]} Kg4 {[%clk 00:10:40] [%emt 00:00:23]} Nc7
{[%clk 00:02:29] [%emt 00:00:30]} Ne3 {[%clk 00:04:57] [%emt 00:06:14]} e6
{[%clk 00:02:20] [%emt 00:00:39]} Kf4 {[%clk 00:01:56] [%emt 00:03:30]} Nb5
{[%clk 00:02:21] [%emt 00:00:29]} Nf1 {[%clk 00:00:48] [%emt 00:01:38]} Nc3
{[%clk 00:01:56] [%emt 00:00:55]} Ng3 {[%clk 00:01:12] [%emt 00:00:05]} Nd5+
{[%clk 00:01:46] [%emt 00:00:41]} Kf3 {[%clk 00:01:38] [%emt 00:00:04]} Kg6
{[%clk 00:01:05] [%emt 00:01:12]} Ke4 {[%clk 00:01:57] [%emt 00:00:09]} Nc3+
{[%clk 00:01:00] [%emt 00:00:34]} Kf4 {[%clk 00:02:24] [%emt 00:00:04]} Kh6
{[%clk 00:00:33] [%emt 00:00:59]} e4 {[%clk 00:00:33] [%emt 00:02:21]} Nd1
{[%clk 00:00:40] [%emt 00:00:23]} Kf3 {[%clk 00:00:32] [%emt 00:00:31]} Nc3
{[%clk 00:00:32] [%emt 00:00:38]} Kf4 {[%clk 00:00:33] [%emt 00:00:29]} Nd1
{[%clk 00:01:01]} Kg4 {[%clk 00:00:38] [%emt 00:00:26]} Nf2+ {[%clk 00:00:44]
[%emt 00:00:46]} Kf3 {[%clk 00:01:01] [%emt 00:00:07]} Nd3 {[%clk 00:00:54]
[%emt 00:00:19]} Ne2 {[%clk 00:01:07] [%emt 00:00:24]} e5 {[%clk 00:00:49] [%emt
00:00:35]} Ng3 {[%clk 00:01:02] [%emt 00:00:35]} Kg6 {[%clk 00:01:06] [%emt
00:00:13]} Ke3 {[%clk 00:00:39] [%emt 00:00:52]} Nc5 {[%clk 00:01:02] [%emt
00:00:35]} Kf3 {[%clk 00:00:48] [%emt 00:00:22]} Nd7 {[%clk 00:00:49] [%emt
00:00:42]} Kg4 {[%clk 00:00:34] [%emt 00:00:45]} Nf6+ {[%clk 00:01:13] [%emt
00:00:05]} Kh3 {[%clk 00:00:52] [%emt 00:00:12]} Kh6 {[%clk 00:01:13] [%emt
00:00:30]} Kg2 {[%clk 00:00:46] [%emt 00:00:36]} Kg6 {[%clk 00:01:39] [%emt
00:00:04]} Kf2 {[%clk 00:01:02] [%emt 00:00:14]} Kh6 {[%clk 00:01:53] [%emt
00:00:16]} Ke3 {[%clk 00:01:25] [%emt 00:00:07]} Kg6 {[%clk 00:02:18] [%emt
00:00:05]} Kd3 {[%clk 00:01:48] [%emt 00:00:06]} Kh6 {[%clk 00:02:38] [%emt
00:00:10]} Kc4 {[%clk 00:02:14] [%emt 00:00:04]} Nxe4 {[%clk 00:02:56] [%emt
00:00:11]} Nxe4 {[%clk 00:02:41] [%emt 00:00:03]} Kh5 {[%clk 00:03:22] [%emt
00:00:04]} Kd5 {[%clk 00:03:09] [%emt 00:00:03]} Kxh4 {[%clk 00:03:48] [%emt
00:00:04]} Kxe5 {[%clk 00:03:37] [%emt 00:00:02]}

[Site "Europe Echecs"]

[Event "Tata Steel Masters"]
[Date "2026.01.18"]
[White "Erigaisi Arjun"]
[Black "Gukesh D"]
[WhiteElo "2775"]
[BlackElo "2754"]
[Round "3.3.2"]
[Result "1/2-1/2"]

d4 {[%clk 01:59:45] [%emt 00:00:14]} d5 {[%clk 01:59:54] [%emt 00:00:06]} c4
{[%clk 01:59:40] [%emt 00:00:05]} dxc4 {[%clk 01:59:48] [%emt 00:00:05]} e4
{[%clk 01:59:35] [%emt 00:00:05]} e5 {[%clk 01:59:43] [%emt 00:00:05]} Nf3
{[%clk 01:59:30] [%emt 00:00:06]} Bb4+ {[%clk 01:59:36] [%emt 00:00:07]} Nc3
{[%clk 01:58:48] [%emt 00:00:42]} Nf6 {[%clk 01:59:29] [%emt 00:00:07]} Nxe5
{[%clk 01:58:20] [%emt 00:00:28]} b5 {[%clk 01:59:23] [%emt 00:00:06]} f3 {[%clk
01:58:02] [%emt 00:00:18]} a6 {[%clk 01:59:17] [%emt 00:00:06]} Bf4 {[%clk
01:54:42] [%emt 00:03:20]} O-O {[%clk 01:56:08] [%emt 00:03:06]} Be2 {[%emt
00:12:49]} Qe7 {[%clk 01:37:50] [%emt 00:06:31]} a4 {[%clk 01:44:23] [%emt
00:09:20]} c6 {[%clk 01:28:10] [%emt 00:09:40]} O-O {[%clk 01:34:37] [%emt
00:09:47]} Bb7 {[%emt 00:03:35]} Qc1 {[%clk 01:29:03] [%emt 00:03:17]} Nbd7
{[%clk 01:17:11] [%emt 00:09:41]} Nxd7 {[%clk 01:25:33] [%emt 00:03:30]} Nxd7
{[%clk 01:17:03] [%emt 00:00:08]} g4 {[%clk 01:24:16] [%emt 00:01:17]} Rfd8
{[%clk 01:13:41] [%emt 00:03:22]} Rd1 {[%clk 01:18:14] [%emt 00:06:02]} Nf8
{[%clk 01:12:51] [%emt 00:00:50]} Bg5 {[%clk 01:09:57] [%emt 00:08:18]} f6
{[%clk 01:12:41] [%emt 00:00:10]} Be3 {[%clk 01:09:52] [%emt 00:00:05]} Ne6
{[%clk 01:10:54] [%emt 00:01:48]} axb5 {[%clk 01:09:01] [%emt 00:00:50]} cxb5
{[%clk 01:05:26] [%emt 00:05:28]} Bf1 {[%emt 00:08:40]} Qd7 {[%clk 00:54:59]
[%emt 00:02:54]} Qc2 {[%emt 00:08:37]} Bd6 {[%clk 00:44:29] [%emt 00:06:52]} Qf2
{[%clk 00:56:42] [%emt 00:06:14]} Qc7 {[%emt 00:07:20]} Rac1 {[%clk 00:51:06]
[%emt 00:03:28]} Qb8 {[%clk 00:27:56] [%emt 00:11:21]} Ne2 {[%clk 00:40:00]
[%emt 00:11:05]} Nf4 {[%clk 00:27:07] [%emt 00:00:50]} Nxf4 {[%clk 00:39:47]
[%emt 00:00:12]} Bxf4 {[%clk 00:27:05] [%emt 00:00:04]} d5 {[%clk 00:37:34]
[%emt 00:02:13]} Bd6 {[%clk 00:24:34] [%emt 00:02:31]} Bc5 {[%clk 00:27:17]
[%emt 00:10:17]} a5 {[%clk 00:23:57] [%emt 00:00:37]} Bxd6 {[%clk 00:26:23]
[%emt 00:00:54]} Qxd6 {[%clk 00:23:52] [%emt 00:00:04]} f4 {[%clk 00:26:18]
[%emt 00:00:05]} a4 {[%clk 00:22:52] [%emt 00:01:00]} Rc3 {[%clk 00:24:40] [%emt
00:01:37]} Re8 {[%clk 00:17:28] [%emt 00:05:24]} Bg2 {[%clk 00:22:21] [%emt
00:02:20]} Rac8 {[%clk 00:14:17] [%emt 00:03:11]} Ra3 {[%clk 00:20:52] [%emt
00:01:29]} Ra8 {[%clk 00:12:49] [%emt 00:01:29]} Rc3 {[%clk 00:20:47] [%emt
00:00:05]} Rac8 {[%clk 00:12:43] [%emt 00:00:06]} Ra3 {[%clk 00:20:42] [%emt
00:00:04]} Ra8 {[%clk 00:08:25] [%emt 00:04:18]} Rc3 {[%clk 00:20:07] [%emt
00:00:35]}

[Site "Europe Echecs"]

[Event "Tata Steel Masters"]
[Date "2026.01.17"]
[White "Keymer, Vincent"]
[Black "Bluebaum, Matthias"]
[WhiteElo "2776"]
[BlackElo "2679"]
[Round "3.3.3"]
[Result "0-1"]

c4 {[%clk 01:59:57] [%emt 00:00:02]} e6 {[%clk 01:59:51] [%emt 00:00:09]} d4
{[%clk 01:59:49] [%emt 00:00:09]} d5 {[%clk 01:59:42] [%emt 00:00:08]} Nc3
{[%clk 01:59:45] [%emt 00:00:04]} Nf6 {[%clk 01:59:30] [%emt 00:00:11]} cxd5
{[%clk 01:59:08] [%emt 00:00:38]} exd5 {[%clk 01:59:22] [%emt 00:00:08]} Bg5
{[%clk 01:59:03] [%emt 00:00:05]} Be7 {[%clk 01:59:10] [%emt 00:00:11]} e3
{[%clk 01:58:54] [%emt 00:00:09]} h6 {[%clk 01:59:04] [%emt 00:00:06]} Bh4
{[%clk 01:58:29] [%emt 00:00:26]} O-O {[%clk 01:58:37] [%emt 00:00:27]} Bd3
{[%clk 01:57:25] [%emt 00:01:04]} Re8 {[%clk 01:58:12] [%emt 00:00:24]} Nf3
{[%clk 01:49:14] [%emt 00:08:11]} c6 {[%clk 01:54:30] [%emt 00:03:41]} Bg3
{[%clk 01:48:53] [%emt 00:00:22]} Bg4 {[%clk 01:54:23] [%emt 00:00:06]} Qb3
{[%clk 01:43:30] [%emt 00:05:24]} Qb6 {[%clk 01:47:23] [%emt 00:07:00]} Ne5
{[%clk 01:32:00] [%emt 00:11:30]} Be6 {[%clk 01:35:32] [%emt 00:11:50]} f4
{[%clk 01:19:17] [%emt 00:12:44]} Ng4 {[%clk 01:26:15] [%emt 00:09:17]} f5
{[%clk 01:01:18] [%emt 00:18:00]} Nxe5 {[%clk 01:25:47] [%emt 00:00:27]} Bxe5
{[%clk 01:00:55] [%emt 00:00:23]} Bc8 {[%clk 01:21:26] [%emt 00:04:21]} Bf4
{[%clk 00:58:52] [%emt 00:02:04]} Nd7 {[%clk 01:11:51] [%emt 00:09:34]} h3
{[%clk 00:42:12] [%emt 00:16:40]} Bh4+ {[%clk 01:01:11] [%emt 00:10:40]} Kd2
{[%clk 00:41:33] [%emt 00:00:40]} Qd8 {[%clk 01:00:18] [%emt 00:00:53]} g3
{[%clk 00:38:55] [%emt 00:02:37]} Be7 {[%clk 00:56:59] [%emt 00:03:19]} Rac1
{[%clk 00:37:12] [%emt 00:01:44]} Nb6 {[%clk 00:52:59] [%emt 00:03:59]} g4
{[%clk 00:33:57] [%emt 00:03:16]} c5 {[%clk 00:49:27] [%emt 00:03:32]} dxc5
{[%clk 00:14:55] [%emt 00:19:02]} Bxc5 {[%clk 00:48:23] [%emt 00:01:04]} Kc2
{[%clk 00:13:09] [%emt 00:01:47]} Bxe3 {[%clk 00:45:55] [%emt 00:02:28]} Bxe3
{[%clk 00:13:08] [%emt 00:00:01]} Rxe3 {[%clk 00:45:51] [%emt 00:00:03]} Rce1
{[%clk 00:12:44] [%emt 00:00:23]} Rxe1 Rxe1 {[%clk 00:12:43]} Bd7 {[%clk
00:42:49] [%emt 00:00:04]} Qb4 {[%clk 00:11:56] [%emt 00:00:47]} Qh4 {[%clk
00:38:37] [%emt 00:04:11]} Re3 {[%clk 00:10:52] [%emt 00:01:05]} Qf2+ {[%clk
00:34:32] [%emt 00:04:05]} Re2 {[%clk 00:10:51] [%emt 00:00:01]} Qg1 {[%clk
00:34:25] [%emt 00:00:06]} Re7 {[%clk 00:05:19] [%emt 00:05:32]} Rc8 {[%clk
00:29:58] [%emt 00:04:27]} Kd2 {[%clk 00:05:18] [%emt 00:00:01]} Nc4+ {[%clk
00:27:07] [%emt 00:02:51]} Bxc4 {[%clk 00:05:04] [%emt 00:00:14]} Rxc4 {[%clk
00:27:06]} Qxb7 {[%clk 00:04:05] [%emt 00:00:58]} Ba4 {[%clk 00:26:45] [%emt
00:00:21]}

[Site "Europe Echecs"]

[Event "Tata Steel Masters"]
[Date "2026.01.18"]
[White "Van Foreest, Jorden"]
[Black "Giri, Anish"]
[WhiteElo "2703"]
[BlackElo "2760"]
[Round "3.3.4"]
[Result "1-0"]

e4 {[%clk 01:59:55] [%emt 00:00:03]} c5 {[%clk 01:59:54] [%emt 00:00:06]} Nf3
{[%clk 01:59:46] [%emt 00:00:09]} d6 {[%clk 01:59:50] [%emt 00:00:05]} d4 {[%clk
01:59:33] [%emt 00:00:13]} cxd4 {[%clk 01:59:46] [%emt 00:00:04]} Nxd4 {[%clk
01:59:22] [%emt 00:00:10]} Nf6 {[%clk 01:59:40] [%emt 00:00:05]} Nc3 {[%clk
01:59:13] [%emt 00:00:10]} a6 {[%clk 01:59:36] [%emt 00:00:04]} Be3 {[%clk
01:58:57] [%emt 00:00:16]} e5 {[%clk 01:59:17] [%emt 00:00:19]} Nb3 {[%clk
01:58:35] [%emt 00:00:22]} Be7 {[%clk 01:57:26] [%emt 00:01:51]} f3 {[%clk
01:56:44] [%emt 00:01:52]} Be6 {[%clk 01:56:59] [%emt 00:00:27]} Qd2 {[%clk
01:56:07] [%emt 00:00:36]} h5 {[%clk 01:56:33] [%emt 00:00:25]} O-O-O {[%clk
01:54:11] [%emt 00:01:57]} Nbd7 {[%clk 01:56:20] [%emt 00:00:14]} Kb1 {[%clk
01:53:20] [%emt 00:00:51]} Qc7 {[%clk 01:56:13] [%emt 00:00:06]} a3 {[%clk
01:52:59] [%emt 00:00:21]} Rc8 {[%clk 01:53:00] [%emt 00:03:13]} Nc1 {[%clk
01:46:43] [%emt 00:06:17]} O-O {[%clk 01:38:56] [%emt 00:14:04]} N1a2 {[%clk
01:41:36] [%emt 00:05:06]} b5 {[%clk 01:30:51] [%emt 00:08:05]} Nb4 {[%clk
01:39:31] [%emt 00:02:05]} Qb7 {[%clk 01:30:23] [%emt 00:00:28]} Ncd5 {[%clk
01:38:12] [%emt 00:01:18]} Nxd5 {[%clk 01:22:23] [%emt 00:08:01]} exd5 {[%clk
01:38:03] [%emt 00:00:09]} Bf5 {[%clk 01:22:19] [%emt 00:00:04]} Rg1 {[%clk
01:38:00] [%emt 00:00:04]} Nb8 {[%clk 01:11:06] [%emt 00:11:12]} g4 {[%clk
01:31:28] [%emt 00:06:31]} hxg4 {[%clk 01:10:46] [%emt 00:00:20]} fxg4 {[%clk
01:30:26] [%emt 00:01:02]} Bg6 {[%clk 00:53:53] [%emt 00:16:53]} Bd3 {[%clk
01:25:44] [%emt 00:04:43]} Bxd3 {[%clk 00:41:06] [%emt 00:12:47]} Qxd3 {[%clk
01:25:10] [%emt 00:00:33]} a5 {[%clk 00:41:01] [%emt 00:00:06]} Na2 {[%clk
01:25:02] [%emt 00:00:07]} b4 {[%clk 00:39:57] [%emt 00:01:04]} a4 {[%clk
01:23:58] [%emt 00:01:05]} Qa6 {[%clk 00:34:47] [%emt 00:05:10]} Qxa6 {[%clk
01:17:42] [%emt 00:06:15]} Nxa6 {[%clk 00:34:44] [%emt 00:00:03]} Nc1 {[%clk
01:17:34] [%emt 00:00:07]} Bd8 {[%clk 00:33:23] [%emt 00:01:22]} Nb3 {[%clk
01:16:43] [%emt 00:00:51]} Nb8 {[%clk 00:33:10] [%emt 00:00:13]} Nd2 {[%clk
00:52:47] [%emt 00:23:55]} Nd7 {[%clk 00:32:36] [%emt 00:00:33]} Ne4 {[%clk
00:47:06] [%emt 00:05:41]} Be7 {[%clk 00:32:19] [%emt 00:00:17]} g5 {[%clk
00:45:02] [%emt 00:02:04]} f5 {[%clk 00:26:18] [%emt 00:06:01]} gxf6 {[%clk
00:44:44] [%emt 00:00:18]} Nxf6 {[%clk 00:26:14] [%emt 00:00:04]} Ng5 {[%clk
00:37:41] [%emt 00:07:04]} Ne8 {[%clk 00:20:01] [%emt 00:06:13]} Ne6 {[%clk
00:33:48] [%emt 00:03:53]} Rf3 {[%clk 00:19:44] [%emt 00:00:16]} Bb6 {[%clk
00:32:08] [%emt 00:01:40]} Ra8 {[%clk 00:18:32] [%emt 00:01:12]} Rd3 {[%clk
00:27:23] [%emt 00:04:45]} Rxd3 {[%clk 00:07:15] [%emt 00:11:17]} cxd3 {[%clk
00:27:08] [%emt 00:00:14]} Ra6 {[%clk 00:07:12] [%emt 00:00:04]} Be3 {[%clk
00:26:17] [%emt 00:00:50]} Ra8 {[%clk 00:07:09] [%emt 00:00:04]} Ka2 {[%clk
00:24:14] [%emt 00:02:02]} Kf7 {[%clk 00:04:03] [%emt 00:03:07]} Kb3 {[%clk
00:21:50] [%emt 00:02:24]} Rb8 {[%clk 00:03:42] [%emt 00:00:22]} Rg2 {[%clk
00:50:13] [%emt 00:02:05]} Bf6 {[%clk 00:30:32] [%emt 00:03:40]} Rf2 {[%clk
00:40:49] [%emt 00:09:54]} Kg6 {[%clk 00:29:09] [%emt 00:01:54]} Rf3 {[%clk
00:39:04] [%emt 00:02:15]} Rb7 {[%clk 00:27:18] [%emt 00:02:21]} Rh3 {[%clk
00:38:03] [%emt 00:01:31]} Be7 {[%clk 00:18:57] [%emt 00:08:51]} Kc4 {[%clk
00:34:06] [%emt 00:04:27]} Bf6 {[%clk 00:16:48] [%emt 00:02:40]} Rh8 {[%clk
00:30:48] [%emt 00:03:48]} Nc7 {[%clk 00:10:35] [%emt 00:06:43]} Nxc7 {[%clk
00:28:08] [%emt 00:03:10]} Rxc7+ {[%clk 00:11:03] [%emt 00:00:03]} Kb3 {[%clk
00:28:31] [%emt 00:00:07]} e4 {[%clk 00:10:29] [%emt 00:01:04]} dxe4 {[%clk
00:28:10] [%emt 00:00:51]} Re7 {[%clk 00:10:43] [%emt 00:00:15]} Bb6 {[%clk
00:27:57] [%emt 00:00:43]} Rxe4 {[%clk 00:10:58] [%emt 00:00:15]} Bxa5 {[%clk
00:28:16] [%emt 00:00:10]} Re2 {[%clk 00:06:37] [%emt 00:04:51]} Bxb4 {[%clk
00:28:14] [%emt 00:00:32]} Rxb2+ {[%clk 00:07:03] [%emt 00:00:04]} Kc4 {[%clk
00:28:19] [%emt 00:00:24]} Be5 {[%clk 00:07:03] [%emt 00:00:31]} a5 {[%clk
00:27:55] [%emt 00:00:54]} Bxh2 {[%clk 00:04:49] [%emt 00:02:42]} Bc3 {[%clk
00:22:09] [%emt 00:06:17]} Ra2 {[%clk 00:01:37] [%emt 00:03:42]} Kb3 {[%clk
00:18:54] [%emt 00:03:45]} Rg2 {[%clk 00:02:02] [%emt 00:00:04]} a6 {[%clk
00:17:45] [%emt 00:01:40]} Bg1 {[%clk 00:02:20] [%emt 00:00:12]} Rd8 {[%clk
00:18:04] [%emt 00:00:11]} Kf5 {[%clk 00:01:28] [%emt 00:01:21]} Rxd6 {[%clk
00:18:28] [%emt 00:00:06]} Ke4 {[%clk 00:01:16] [%emt 00:00:43]} Kc4 {[%clk
00:18:29] [%emt 00:00:29]} g5 {[%clk 00:00:33] [%emt 00:01:13]} Re6 {[%clk
00:18:25] [%emt 00:00:34]} Kf3 {[%clk 00:00:34] [%emt 00:00:29]} d6 {[%clk
00:18:06] [%emt 00:00:49]} Rg4+ {[%clk 00:00:49] [%emt 00:00:16]} Kd5 {[%clk
00:17:58] [%emt 00:00:38]} Ba7 {[%clk 00:00:32] [%emt 00:00:47]} d7 {[%clk
00:18:09] [%emt 00:00:19]} Rg1 {[%clk 00:00:58] [%emt 00:00:03]} Re1 {[%clk
00:18:34] [%emt 00:00:04]}

[Site "Europe Echecs"]